000 00530nam a2200217Ia 4500
003 OSt
005 20220928150443.0
006 a|||||r|||| 00| 0
007 ta
008 220927b |||||||| |||| 00| 0 eng d
024 _a93472
037 _cTextual
040 _aSDCL
_cSDCL
_beng
041 _2eng
_aeng
082 _aB3166, L3
100 _aGrothendieck A
_9516090
245 0 _aTopological vector spaces.
260 _c1973
942 _hB3166, L3
_cTEXL
_2CC
999 _c841338
_d841338